La politique économique de l'Allemagne en Belgique occupée (Record no. 185037)

MARC details
000 -LEADER
campo de control de longitud fija 00520nam a2200145 i 4500
001 - NÚMERO DE CONTROL
campo de control 185037
003 - IDENTIFICADOR DE NÚMERO DE CONTROL
campo de control ES-MaACL
005 - FECHA Y HORA DE LA ÚLTIMA TRANSACCIÓN
campo de control 20230906222332.0
008 - DATOS DE LONGITUD FIJA--INFORMACIÓN GENERAL
campo de control de longitud fija 160308s1918 be |||| | fre d
245 03 - MENCIÓN DEL TÍTULO
Título La politique économique de l'Allemagne en Belgique occupée
Resto del título : un document écrasant pour l'administration allemande.
260 ## - PUBLICACIÓN, DISTRIBUCIÓN, ETC.
Lugar de publicación, distribución, etc. Le Havre :
Nombre del editor, distribuidor, etc. Éd. du "Bureau Documentaire Belge",
Fecha de publicación, distribución, etc. 1918.
300 ## - DESCRIPCIÓN FÍSICA
Extensión 15 p. ;
Dimensiones 23 cm.
650 #4 - PUNTO DE ACCESO ADICIONAL DE MATERIA--TÉRMINO DE MATERIA
Término de materia o nombre geográfico como elemento de entrada Guerra mundial, 1914-1918-
Subdivisión geográfica Bélgica.
9 (RLIN) 158946
852 ## - LOCALIZACIÓN
Ubicación ES-MaACL
Número de control de estantería 1565-F-16
Holdings
Estatus retirado Estado de pérdida Estado de daño No para préstamo Colección Biblioteca de origen Biblioteca actual Ubicación en estantería Fecha de adquisición Fuente de adquisición Total de préstamos Signatura topográfica completa Código de barras Visto por última vez Precio de reemplazo Tipo de ítem Koha
        Colección de folletos Biblioteca del Ateneo de Madrid Biblioteca del Ateneo de Madrid Depósito folletos 08/03/2016     1565-F-16 1194896 23/02/2023 23/02/2023 Folleto